Obchodní příležitosti ve světě. 4 Veřejné zakázky financované Světovou bankou

Spolufinancovanie a zaistenie dodávok. Doplňovanie pôžičiek Svetovej banky finančnými prostriedkami ďalších inštitúcií. Paralelné financovanie. Združené financovanie. Ostatné pravidlá pri spolufinancovaní projektov. Spravovanie zvereneckých fondov Svetovou bankou, ktoré sú zriadené jednotlivými kraj...

Full description

Saved in:
Bibliographic Details
Main Author: Franěk, J.T
Format: Book Chapter
Language:Czech
Subjects:
Tags: Add Tag
No Tags, Be the first to tag this record!

MARC

LEADER 00000naa a2200000 4500
001 r020821
005 20230908093105.9
041 0 |a cze 
044 |a CZ 
245 1 0 |a Obchodní příležitosti ve světě. 4  |b Veřejné zakázky financované Světovou bankou  |c J.T. Franěk 
520 |a Spolufinancovanie a zaistenie dodávok. Doplňovanie pôžičiek Svetovej banky finančnými prostriedkami ďalších inštitúcií. Paralelné financovanie. Združené financovanie. Ostatné pravidlá pri spolufinancovaní projektov. Spravovanie zvereneckých fondov Svetovou bankou, ktoré sú zriadené jednotlivými krajinami. Niekoľko pravidiel, ktoré musia uchádzači dodržať pre účasť na projekte financovanom Svetovou bankou. 
610 2 0 |a Svetová banka 
610 2 0 |a projekty 
610 2 0 |a financovanie projektové 
610 2 0 |a úver bankový 
610 2 0 |a pôžičky zahraničné 
610 2 0 |a dodávky 
610 2 0 |a kontrakty 
610 2 0 |a fondy zverenecké 
610 2 0 |a obstarávanie verejné 
100 1 |a Franěk, J.T.